Time Among the Maya: Travels in Belize, Guatemala and México /

"En el primer milenio de nuestra era, los Mayas crearon la civili -zación más avanzada de la antigua américa. A pesar de un misterioso colapso en el siglo noveno, y de la invasión española en el siglo XVI, alrededor de cinco millones de personas en Guatemala, Belice y México aún hablan lenguajes May...

Celý popis

Uloženo v:
Podrobná bibliografie
Hlavní autor: Wright, Roland (autor)
Médium: Kniha
Jazyk:angličtina
Témata:
Tagy: Přidat tag
Žádné tagy, Buďte první, kdo vytvoří štítek k tomuto záznamu!

MARC

LEADER 00000nam^a2200000^a^4500
001 000037319
005 20250521000000.0
009 20260310085422.406
020 |a 0-7088-4873-7 
037 |a Acervo ITESO - Biblioteca 
041 |a ING 
082 |a 972. 800497  |b WRI 
100 |a Wright, Roland  |e (autor) 
245 1 0 |a Time Among the Maya: Travels in Belize, Guatemala and México /  |c R. Wright. 
264 |a Londres, Inglaterra :  |b Futura,  |c 1991 
300 |a 451 p. 
336 |a texto  |b txt  |2 rdacontenido 
337 |a sin mediación  |b n  |2 rdamedio 
338 |a volumen  |b nc  |2 rdasoporte 
520 |a "En el primer milenio de nuestra era, los Mayas crearon la civili -zación más avanzada de la antigua américa. A pesar de un misterioso colapso en el siglo noveno, y de la invasión española en el siglo XVI, alrededor de cinco millones de personas en Guatemala, Belice y México aún hablan lenguajes Mayas y prservan su identidad." 
649 |a XX 
650 |a Mayas -  |z México 
650 |a Mayas -  |z Guatemala 
650 |a Belice -  |x Descripción 
650 |a Mayas -  |x Historia 
650 |a Guatemala -  |x Historia 
910 |a Fondo General 
920 |a Impresos - Libros 
930 |a Colección General 
905 |a 101 
901 |a 0373190100  |b IT1  |c ACC  |i 037319  |u 20250521 
902 |a https://opac.biblio.iteso.mx/vufind/Record/000037319